00303nam a2200121Ia 4500008004100000082001900041100002100060245004500081250000800126260002300134300000800157650001600165191201s2005 xx 000 0 und d a621.3822bJAF- aJAIN, Anil Kumar 0aFundamentals of Digital Image Processing a1st aN.DelhibPHIc2005 a569 aB.Tech(ECE)